Справочник по технике для видеонаблюдения. Планирование, проектирование, монтаж: пер. с нем.

Podrobná bibliografie
Hlavní autor: Гвоздек М. Михаэль
Shrnutí:В настоящем справочнике в доступной форме дается описание уже принятых или только входящих в оборот понятий из сферы охранных систем и техники слежения. Представлено подробное толкование более 900 понятий и терминов. Весьма полезными окажутся и ссылки, которые даются в наиболее обширных статьях. Приведены также значимые для данной отрасли сведения по компьютерным и сетевым технологиям, способам обработки информации, по электронике и оптике. Дополняют этот единственный в своем роде словарь-справочник многочисленные иллюстрации и цветные вкладки, обширный перечень сокращений и условных обозначений, а также англо-русско-немецкий словарь, включающий в себя более 4000 наиболее употребляемых терминов.
Jazyk:ruština
Vydáno: Москва, Техносфера, 2010
Edice:Мир физики и техники
Témata:
Médium: Kniha
KOHA link:https://koha.lib.tpu.ru/cgi-bin/koha/opac-detail.pl?biblionumber=184169

MARC

LEADER 00000nam0a2200000 4500
001 184169
005 20231101223827.0
010 |a 9785948362502 
035 |a (RuTPU)RU\TPU\book\199654 
090 |a 184169 
100 |a 20100830d2010 km y0rusy50 ca 
101 1 |a rus  |c ger 
102 |a RU 
105 |a a g 001zy 
200 1 |a Справочник по технике для видеонаблюдения. Планирование, проектирование, монтаж  |e пер. с нем.  |f М. Гвоздек 
210 |a Москва  |c Техносфера  |d 2010 
215 |a 544 с.  |c ил. 
225 1 |a Мир физики и техники 
320 |a Сокращения и условные обозначения: с. 453-477. 
320 |a Англо-русско-немецкий словарь: с. 478-543. 
330 |a В настоящем справочнике в доступной форме дается описание уже принятых или только входящих в оборот понятий из сферы охранных систем и техники слежения. Представлено подробное толкование более 900 понятий и терминов. Весьма полезными окажутся и ссылки, которые даются в наиболее обширных статьях. Приведены также значимые для данной отрасли сведения по компьютерным и сетевым технологиям, способам обработки информации, по электронике и оптике. Дополняют этот единственный в своем роде словарь-справочник многочисленные иллюстрации и цветные вкладки, обширный перечень сокращений и условных обозначений, а также англо-русско-немецкий словарь, включающий в себя более 4000 наиболее употребляемых терминов. 
606 1 |a Видеоаппаратура  |2 stltpush  |3 (RuTPU)RU\TPU\subj\69970  |9 84578 
610 1 |a видеонаблюдение 
610 1 |a компьютерные технологии 
610 1 |a системы видеонаблюдения 
610 1 |a правовые нормы 
610 1 |a критерии 
610 1 |a планирование 
610 1 |a проектирование 
610 1 |a монтаж 
610 1 |a производители 
610 1 |a поставщики 
610 1 |a справочники 
675 |a 621.397.4(035)  |v 3 
700 1 |a Гвоздек  |b М.  |g Михаэль 
801 1 |a RU  |b 63413507  |c 20100830 
801 2 |a RU  |b 63413507  |c 20130920  |g RCR 
942 |c BK 
959 |a 54/20100830  |d 1  |e 975,00  |f ЧЗТЛ:1